[Event "DEM U10 2016"]
[Site "Willingen GER"]
[Date "2016.05.19"]
[Round "8"]
[White "Lutz, Adam"]
[Black "Bui, Bao Anh Le"]
[Result "0-1"]
[Termination "normal"]
[Board "1"]
[WhiteElo "1601"]
[BlackElo "1659"]
[WhiteClock "00:56:11"]
[BlackClock "00:19:12"]
[PlyCount "116"]
[WhiteFideId "16226615"]
[BlackFideId "12970719"]
[EventCountry "GER"]
[EventRounds "11"]
[EventType "swiss"]
[EventDate "2016.05.14"]

1. e4 c5 2. Nf3 d6 3. d4 cxd4 4. Nxd4 Nf6 5. Nc3 a6 6. f3 e5 7. Nb3 Be6 8. Be3
Be7 9. Qd2 Nbd7 10. Qf2 b5 11. Be2 Qc7 12. O-O O-O 13. Kh1 Rab8 14. Rac1 Nb6
15. Nd2 d5 16. exd5 Nbxd5 17. Nxd5 Nxd5 18. c4 Nxe3 19. Qxe3 Bc5 20. Qc3 Bd4
21. Qc2 Rfc8 22. b3 Be3 23. Bd3 g6 24. Rfe1 Qb6 25. Qc3 Qd4 26. Qxd4 exd4 27.
Rc2 Bxd2 28. Rxd2 bxc4 29. Bxc4 Bxc4 30. bxc4 Rxc4 31. Kg1 Kg7 32. Re7 Rd8 33.
Kf2 a5 34. Ra7 a4 35. Ke2 Kf6 36. g3 h6 37. f4 Ke6 38. Ra6+ Kf5 39. Ra5+ Ke6
40. Re5+ Kf6 41. Ra5 Rd6 42. Re5 Re6 43. Rxe6+ Kxe6 44. Kd3 Kd5 45. Re2 Rc3+
46. Kd2 Ra3 47. Kc1 Kc4 48. Kb2 Re3 49. Rc2+ Kd3 50. Rc7 Re2+ 51. Ka3 Kd2 52.
Kxa4 d3 53. Kb3 Kd1 54. a4 d2 55. a5 Ke1 56. Rd7 d1=Q+ 57. Rxd1+ Kxd1 58. Kb4
Rxh2 0-1

[Event "DEM U10 2016"]
[Site "Willingen GER"]
[Date "2016.05.19"]
[Round "8"]
[White "Fuchs, Florian"]
[Black "Rössel, Gino"]
[Result "1/2-1/2"]
[Termination "normal"]
[Board "2"]
[WhiteElo "1724"]
[BlackElo "1682"]
[WhiteClock "00:04:36"]
[BlackClock "00:22:57"]
[PlyCount "96"]
[WhiteFideId "16213351"]
[BlackFideId "16203070"]
[EventCountry "GER"]
[EventRounds "11"]
[EventType "swiss"]
[EventDate "2016.05.14"]

1. e4 e6 2. d4 d5 3. Nc3 Bb4 4. exd5 exd5 5. Bd3 Nc6 6. a3 Bxc3+ 7. bxc3 Nge7
8. Qh5 Qd6 9. Ne2 Be6 10. Bf4 Qd7 11. Rb1 Rb8 12. O-O Bf5 13. Rfd1 Bg6 14. Qf3
O-O 15. Qg3 Rfc8 16. Rb2 Kh8 17. Rdb1 Bxd3 18. Qxd3 b6 19. Re1 Ng6 20. Bg3 Re8
21. Rbb1 Re7 22. Nf4 Rbe8 23. Rxe7 Rxe7 24. Qf3 Nxf4 25. Bxf4 Qe6 26. Kf1 Na5
27. Qe3 Qxe3 28. Bxe3 Nc4 29. Bc1 c6 30. a4 h6 31. Bf4 g5 32. Bc1 Kg7 33. f3
Ne3+ 34. Bxe3 Rxe3 35. Rb3 f5 36. c4 Rxb3 37. cxb3 Kf6 38. cxd5 cxd5 39. g4 f4
40. b4 Ke6 41. Ke2 Kd6 42. b5 Kc7 43. Kd3 Kd6 44. Kc3 Ke6 45. Kb4 Kf6 46. a5
Kg6 47. a6 h5 48. h3 hxg4 1/2-1/2

[Event "DEM U10 2016"]
[Site "Willingen GER"]
[Date "2016.05.19"]
[Round "8"]
[White "Laux, Dominik"]
[Black "Wagner, Leopold Franziskus"]
[Result "0-1"]
[Termination "normal"]
[Board "3"]
[WhiteElo "1529"]
[BlackElo "1844"]
[WhiteClock "00:04:15"]
[BlackClock "00:38:54"]
[PlyCount "88"]
[WhiteFideId "12994219"]
[BlackFideId "1641581"]
[EventCountry "GER"]
[EventRounds "11"]
[EventType "swiss"]
[EventDate "2016.05.14"]

1. d4 e6 2. Nc3 d5 3. Bf4 Nf6 4. e3 Bb4 5. Nge2 O-O 6. a3 Be7 7. Nc1 Ne4 8. Qd3
f5 9. h3 b6 10. Be2 Ba6 11. Qd1 Nxc3 12. bxc3 Bxe2 13. Qxe2 Nd7 14. c4 c6 15.
Nb3 Nf6 16. Nd2 Bd6 17. Bxd6 Qxd6 18. Nf3 Rae8 19. Ne5 Nd7 20. Nxd7 Qxd7 21.
O-O Qc8 22. Rfe1 Re7 23. f4 Rf6 24. Rab1 Rc7 25. Rb3 Rff7 26. Kf1 Rfd7 27. Reb1
g6 28. R1b2 Kf7 29. Rc3 dxc4 30. Rxc4 c5 31. Qd3 cxd4 32. Rxc7 Qxc7 33. Ke2
dxe3 34. Qxe3 Qc4+ 35. Ke1 Qd5 36. Kf2 Qd4 37. Qxd4 Rxd4 38. Ke3 Re4+ 39. Kf3
Rc4 40. Ra2 Kf6 41. h4 e5 42. fxe5+ Kxe5 43. g3 Rc3+ 44. Kf2 f4 0-1

[Event "DEM U10 2016"]
[Site "Willingen GER"]
[Date "2016.05.19"]
[Round "8"]
[White "Tham, Nam"]
[Black "Metzdorf, Matteo"]
[Result "1-0"]
[Termination "normal"]
[Board "4"]
[WhiteElo "1575"]
[BlackElo "1211"]
[WhiteClock "00:49:53"]
[BlackClock "00:38:48"]
[PlyCount "63"]
[WhiteFideId "12997331"]
[BlackFideId "16209869"]
[EventCountry "GER"]
[EventRounds "11"]
[EventType "swiss"]
[EventDate "2016.05.14"]

1. e4 e6 2. d4 d5 3. Nc3 Nf6 4. e5 Nfd7 5. f4 c5 6. Nf3 Nc6 7. Be3 Qb6 8. Na4
Qa5+ 9. c3 cxd4 10. b4 Qc7 11. Nxd4 Nxd4 12. Bxd4 Be7 13. Bd3 b6 14. O-O Bb7
15. Qe2 O-O 16. Nb2 Rac8 17. Nd1 Qc6 18. a4 a5 19. b5 Qc7 20. Ne3 Nc5 21. Bc2
Qd7 22. f5 Bd8 23. Qg4 Ne4 24. Bxe4 dxe4 25. f6 g6 26. Qg5 Kh8 27. Rf4 Rg8 28.
Rh4 Rg7 29. Qh6 Bxf6 30. exf6 Rcg8 31. fxg7+ Rxg7 32. Qxh7# 1-0

[Event "DEM U10 2016"]
[Site "Willingen GER"]
[Date "2016.05.19"]
[Round "8"]
[White "Toval, David"]
[Black "Hommer, Jeremy"]
[Result "0-1"]
[Termination "normal"]
[Board "5"]
[WhiteElo "1516"]
[BlackElo "1741"]
[WhiteClock "00:05:04"]
[BlackClock "00:06:23"]
[PlyCount "104"]
[WhiteFideId "12992755"]
[BlackFideId "12992577"]
[EventCountry "GER"]
[EventRounds "11"]
[EventType "swiss"]
[EventDate "2016.05.14"]

1. e4 c6 2. d4 d5 3. exd5 cxd5 4. c4 Nf6 5. Nc3 e6 6. Nf3 Bb4 7. Bg5 O-O 8. Rc1
Nc6 9. c5 Bd7 10. Bd3 h6 11. Bh4 b6 12. cxb6 axb6 13. a3 Be7 14. O-O Qb8 15.
Bg3 Qb7 16. Re1 Rfc8 17. Re2 Nh5 18. Bb1 Nxg3 19. hxg3 Bf8 20. Qd3 g6 21. Qe3
Na5 22. Ne5 b5 23. Qf4 Be8 24. Ng4 h5 25. Nf6+ Kh8 26. Qg5 Bg7 27. Ncxd5 Rxc1+
28. Qxc1 Bc6 29. Be4 exd5 30. Nxh5 dxe4 31. Nxg7 Kxg7 32. Qc3 Bd5 33. b4 Nc4
34. f3 Rxa3 35. Qc1 e3 36. g4 Qa7 37. Re1 Qxd4 38. Rd1 Rd3 39. Rxd3 Qxd3 40. f4
e2 41. Qa1+ Kh7 42. Kh2 Qd1 43. Qf6 e1=Q 44. f5 Qe5+ 45. Qxe5 Nxe5 46. fxg6+
Kxg6 47. Kg3 Qxg4+ 48. Kf2 Qxg2+ 49. Ke3 Qe4+ 50. Kd2 Qd3+ 51. Kc1 Bb3 52. Kb2
Qc2+ 0-1

[Event "DEM U10 2016"]
[Site "Willingen GER"]
[Date "2016.05.19"]
[Round "8"]
[White "Gluma, Christian"]
[Black "Prieb, Robert"]
[Result "1/2-1/2"]
[Termination "normal"]
[Board "6"]
[WhiteElo "1468"]
[BlackElo "1505"]
[WhiteClock "00:15:47"]
[BlackClock "00:08:22"]
[PlyCount "109"]
[WhiteFideId "16223209"]
[BlackFideId "16212002"]
[EventCountry "GER"]
[EventRounds "11"]
[EventType "swiss"]
[EventDate "2016.05.14"]

1. e4 c5 2. Nf3 d6 3. Nc3 Nf6 4. d4 cxd4 5. Nxd4 a6 6. h3 e5 7. Nf3 Be7 8. Be3
Nc6 9. a3 Qc7 10. Bd3 b5 11. Ne2 Na5 12. Bd2 Nc4 13. Bc3 O-O 14. O-O Bb7 15.
Ng3 Rad8 16. Qe2 Rfe8 17. Rfe1 Nb6 18. Ba5 Qc6 19. Qe3 Nfd7 20. Nd2 Rc8 21.
Bxb6 Nxb6 22. Nb3 Nc4 23. Bxc4 Qxc4 24. Na5 Qc7 25. Nxb7 Qxb7 26. Rac1 Qc7 27.
Qf3 g6 28. Qg4 Kh8 29. Re3 Bf6 30. Rf3 Bg7 31. Ne2 Bh6 32. Rf1 Rf8 33. Qh4 Qxc2
34. Nc3 Bg7 35. Nd5 Qd2 36. b4 Qh6 37. Qe7 Rce8 38. Qxd6 g5 39. Qxh6 Bxh6 40.
Rf6 Re6 41. Rc1 Rxf6 42. Nxf6 Bg7 43. Nd5 Ra8 44. g4 h6 45. Rc7 Kg8 46. Nb6 Rb8
47. Rc8+ Rxc8 48. Nxc8 Bf8 49. f3 f6 50. Nb6 Kf7 51. Nd5 Bd6 52. Kf1 Ke6 53.
Ke2 Bb8 54. Kd3 Bd6 55. Kc3 1/2-1/2

[Event "DEM U10 2016"]
[Site "Willingen GER"]
[Date "2016.05.19"]
[Round "8"]
[White "Huo, Da"]
[Black "Schubert, Nikita"]
[Result "1-0"]
[Termination "normal"]
[Board "7"]
[WhiteElo "1703"]
[BlackElo "1652"]
[WhiteClock "00:35:01"]
[BlackClock "00:24:27"]
[PlyCount "49"]
[WhiteFideId "16221206"]
[BlackFideId "16212339"]
[EventCountry "GER"]
[EventRounds "11"]
[EventType "swiss"]
[EventDate "2016.05.14"]

1. e4 e5 2. Nf3 Nc6 3. Bc4 Bc5 4. c3 Nf6 5. d3 a6 6. Bb3 d6 7. O-O O-O 8. Re1
h6 9. h3 Ba7 10. Nbd2 Re8 11. Nf1 Ne7 12. Ng3 Ng6 13. Bd2 c6 14. d4 exd4 15.
cxd4 Be6 16. Bc2 Qc7 17. Bc3 Rad8 18. Qd2 Bc8 19. Rad1 c5 20. d5 Nd7 21. Nf5
Nde5 22. Nxe5 Nxe5 23. Nxh6+ gxh6 24. Qxh6 Qe7 25. Re3 1-0

[Event "DEM U10 2016"]
[Site "Willingen GER"]
[Date "2016.05.19"]
[Round "8"]
[White "Eilenberg, Jonas"]
[Black "Schlie, Johann"]
[Result "1-0"]
[Termination "normal"]
[Board "8"]
[WhiteElo "1494"]
[BlackElo "1244"]
[WhiteClock "00:32:20"]
[BlackClock "00:44:50"]
[PlyCount "51"]
[WhiteFideId "16204271"]
[BlackFideId "16211596"]
[EventCountry "GER"]
[EventRounds "11"]
[EventType "swiss"]
[EventDate "2016.05.14"]

1. d4 d5 2. c4 e6 3. Nc3 f5 4. g3 Nf6 5. Nf3 Be7 6. Bg2 O-O 7. O-O c6 8. Qc2
Ne4 9. Rb1 Bd7 10. b4 a6 11. c5 Be8 12. e3 Bg6 13. Ne5 Bh5 14. Na4 Bf6 15. Nd3
Nd7 16. f3 Ng5 17. h4 Nf7 18. Nf4 Bg6 19. h5 Re8 20. hxg6 hxg6 21. Nxg6 Kh7 22.
Nf4 g5 23. Nxe6 Qc8 24. Qxf5+ Kg8 25. Qg6+ Kh8 26. Kf2 1-0

[Event "DEM U10 2016"]
[Site "Willingen GER"]
[Date "2016.05.19"]
[Round "8"]
[White "Grunert, Wilhelm"]
[Black "Neuber, Pascal"]
[Result "1-0"]
[Termination "normal"]
[Board "9"]
[WhiteElo "1374"]
[BlackElo "1309"]
[WhiteClock "00:23:50"]
[BlackClock "00:09:08"]
[PlyCount "89"]
[WhiteFideId "12995673"]
[BlackFideId "16227611"]
[EventCountry "GER"]
[EventRounds "11"]
[EventType "swiss"]
[EventDate "2016.05.14"]

1. e4 e5 2. Nf3 Nc6 3. Bb5 a6 4. Ba4 Nf6 5. O-O Nxe4 6. Re1 Nc5 7. Bxc6 dxc6 8.
Nxe5 Be7 9. d4 Ne6 10. c3 O-O 11. Nd2 c5 12. Ndf3 cxd4 13. cxd4 c6 14. b3 Nc7
15. Bb2 Nd5 16. Nd2 f6 17. Nec4 Bb4 18. a3 Bc3 19. Bxc3 Nxc3 20. Qc2 Nb5 21. d5
cxd5 22. Ne3 Be6 23. Red1 Qe7 24. a4 Rac8 25. Qd3 Nc7 26. Nf3 Rfd8 27. Rac1 Rd7
28. Nd4 Rcd8 29. Re1 Qf7 30. b4 b6 31. Nd1 a5 32. Nc6 Ra8 33. b5 Re8 34. Ne3 d4
35. Nc2 Bc4 36. Rxe8+ Nxe8 37. Qd2 d3 38. N2d4 Nc7 39. Rc3 Qg6 40. Rxc4 Nd5 41.
h3 Nb4 42. Nxb4 axb4 43. Qe3 Qg5 44. Rc8+ Kf7 45. Qe8# 1-0

[Event "DEM U10 2016"]
[Site "Willingen GER"]
[Date "2016.05.19"]
[Round "8"]
[White "Phan Trong, Dai"]
[Black "Farokhi, Keyvan"]
[Result "0-1"]
[Termination "normal"]
[Board "10"]
[WhiteElo "1376"]
[BlackElo "1585"]
[PlyCount "46"]
[WhiteFideId "16236939"]
[BlackFideId "12998630"]
[EventCountry "GER"]
[EventRounds "11"]
[EventType "swiss"]
[EventDate "2016.05.14"]

1. d4 d5 2. c4 c6 3. Nf3 Nf6 4. Nc3 dxc4 5. e4 b5 6. Be3 Bg4 7. Be2 b4 8. Na4
Nxe4 9. Bxc4 e6 10. O-O Bd6 11. h3 Bh5 12. Be2 O-O 13. Nd2 Bxe2 14. Qxe2 Nxd2
15. Qxd2 Nd7 16. Bg5 Nf6 17. Bxf6 Qxf6 18. Rac1 Bf4 19. Qxb4 Bxc1 20. Rxc1 Rad8
21. Rc4 e5 22. dxe5 Qxe5 23. Re4 Rd1+ 0-1

[Event "DEM U10 2016"]
[Site "Willingen GER"]
[Date "2016.05.19"]
[Round "8"]
[White "Felten, Maximilian"]
[Black "Hagner, Bennet"]
[Result "1-0"]
[Termination "normal"]
[Board "11"]
[WhiteElo "1369"]
[BlackElo "1370"]
[PlyCount "209"]
[WhiteFideId "4004949"]
[BlackFideId "16224477"]
[EventCountry "GER"]
[EventRounds "11"]
[EventType "swiss"]
[EventDate "2016.05.14"]

1. e4 e5 2. Nf3 d6 3. Bc4 Be7 4. O-O Nf6 5. Re1 O-O 6. h3 Re8 7. c3 Bf8 8. d3
c6 9. Bb3 Nbd7 10. Bg5 h6 11. Bh4 Qb6 12. Nbd2 Be7 13. Nc4 Qc7 14. Ne3 Nh5 15.
Bxe7 Rxe7 16. Nf5 Re8 17. N3h4 Nhf6 18. Qf3 Rf8 19. Qg3 Nh5 20. Qg6 Ndf6 21.
Nxh6+ Kh8 22. Nxf7+ Rxf7 23. Qxf7 Bd7 24. Nf5 Rg8 25. Qg6 Be8 26. Qg5 Rf8 27.
Qh4 Nh7 28. Qg4 N7f6 29. Qf3 Nf4 30. d4 Bh5 31. Qe3 Qd8 32. Ng3 Bg6 33. dxe5
dxe5 34. Rad1 Qa5 35. f3 c5 36. Ne2 N6h5 37. Nxf4 Nxf4 38. Qf2 Rf6 39. Qh4+ Bh7
40. Qg4 Rf8 41. Rd7 Ng6 42. Rxb7 c4 43. Bc2 Qxa2 44. Qd7 Rg8 45. Rd1 Nf4 46.
Qd2 Qa6 47. Rd7 Qb6+ 48. Kh1 Qxb2 49. Rxa7 Qb6 50. Rd7 Qg6 51. Rd6 Qg3 52. Rf1
Bg6 53. Qf2 Qg5 54. h4 Qe7 55. Ra6 Bh7 56. g3 Nh5 57. Ra7 Qd6 58. Rd1 Qb8 59.
Ra2 Qc8 60. Qg2 Qe6 61. Rda1 Qg6 62. Kh2 Nf6 63. Ra8 Ne8 64. Ba4 Nf6 65. Rxg8+
Bxg8 66. Bb5 Qf7 67. Ra4 Qb7 68. Rb4 Qc7 69. Qe2 Nd7 70. Bxd7 Qxd7 71. Rb8 Qc7
72. Rb4 Qa5 73. Qb2 Qc5 74. Qd2 Kh7 75. Rb7 Qc6 76. Qd7 Qf6 77. Qf5+ Qxf5 78.
exf5 Kh6 79. Re7 Bd5 80. Kg2 g5 81. fxg6 Kxg6 82. Rxe5 Kf7 83. g4 Kf6 84. Rf5+
Kg6 85. h5+ Kg7 86. h6+ Kg8 87. h7+ Kh8 88. Kf2 Be6 89. Rh5 Bf7 90. Ke3 Bg6 91.
Rh6 Bf7 92. g5 Be8 93. g6 Bxg6 94. Rxg6 Kxh7 95. Ra6 Kg7 96. Ke4 Kf7 97. Ke5
Ke8 98. Ra7 Kd8 99. Rh7 Ke8 100. Kf6 Kd8 101. Ke6 Kc8 102. Kd6 Kb8 103. Kc6 Ka8
104. Kb6 Kb8 105. Rh8# 1-0

[Event "DEM U10 2016"]
[Site "Willingen GER"]
[Date "2016.05.19"]
[Round "8"]
[White "Strehse, Nelson"]
[Black "Schwartz, Oliver"]
[Result "1/2-1/2"]
[Termination "normal"]
[Board "12"]
[WhiteElo "1354"]
[BlackElo "1440"]
[PlyCount "80"]
[WhiteFideId "16228898"]
[BlackFideId "16207459"]
[EventCountry "GER"]
[EventRounds "11"]
[EventType "swiss"]
[EventDate "2016.05.14"]

1. e4 c5 2. d4 cxd4 3. c3 dxc3 4. Nxc3 Nc6 5. Nf3 g6 6. Bc4 Bg7 7. Bf4 d6 8.
O-O Nf6 9. e5 dxe5 10. Qxd8+ Nxd8 11. Bb5+ Bd7 12. Nxe5 Bxb5 13. Nxb5 O-O 14.
Rfe1 Ne6 15. Bd2 a6 16. Nc3 Rfd8 17. Rad1 Nd7 18. Nxd7 Rxd7 19. Bc1 Rad8 20.
Rxd7 Rxd7 21. Rd1 Rxd1+ 22. Nxd1 Nd4 23. Kf1 f5 24. b3 Kf7 25. Ke1 e5 26. Kd2
Bh6+ 27. Ne3 f4 28. Ng4 Bg7 29. f3 Ke6 30. Nf2 Kd5 31. Kd3 b5 32. Ne4 Ne6 33.
Nc3+ Kc5 34. Ke4 a5 35. Bb2 Ng5+ 36. Kd3 b4 37. Ne4+ Nxe4 38. Kxe4 Kd6 39. g3
fxg3 40. hxg3 g5 1/2-1/2

[Event "DEM U10 2016"]
[Site "Willingen GER"]
[Date "2016.05.19"]
[Round "8"]
[White "Müller, Linus"]
[Black "Nitsche, Nikolai"]
[Result "0-1"]
[Termination "normal"]
[Board "13"]
[WhiteElo "1077"]
[BlackElo "1371"]
[PlyCount "110"]
[WhiteFideId "16245946"]
[BlackFideId "16221036"]
[EventCountry "GER"]
[EventRounds "11"]
[EventType "swiss"]
[EventDate "2016.05.14"]

1. e4 e6 2. d4 d5 3. Nc3 Nf6 4. Bg5 Be7 5. e5 Ne4 6. Bxe7 Qxe7 7. Nxe4 dxe4 8.
Qg4 Qb4+ 9. Ke2 Qxb2 10. Qxg7 Rf8 11. Rd1 Qxc2+ 12. Rd2 Qc4+ 13. Ke1 Qc1+ 14.
Rd1 Qc3+ 15. Rd2 Bd7 16. Qxh7 Ba4 17. Qxe4 Qc1+ 18. Ke2 Bb5+ 19. Ke3 Qxf1 20.
Kf3 Bc6 21. d5 Bxd5 22. Rxd5 exd5 23. Qxd5 Qa6 24. Ne2 Qc6 25. Qxc6+ Nxc6 26.
Kf4 Rd8 27. Ng3 Rd2 28. Ne4 Rxa2 29. Nf6+ Ke7 30. Nd5+ Kd8 31. Rd1 Kc8 32. Rf1
Ra5 33. Nf6 Rxe5 34. Rc1 Re6 35. Nh7 Rd8 36. Ng5 Rd4+ 37. Kf3 Rf6+ 38. Ke3 Rg4
39. Ne4 Re6 40. f3 Rxg2 41. Rh1 f5 42. h4 fxe4 43. fxe4 Rg4 44. h5 Rgxe4+ 45.
Kf3 Re8 46. h6 R4e7 47. Kg4 Rh7 48. Kg5 a5 49. Kg6 Reh8 50. Re1 a4 51. Ra1
Rxh6+ 52. Kg7 b5 53. Rb1 R8h7+ 54. Kg8 Ne7+ 55. Kf8 Rg6 0-1

[Event "DEM U10 2016"]
[Site "Willingen GER"]
[Date "2016.05.19"]
[Round "8"]
[White "Bakiyev, Diyar"]
[Black "Klonov, Jakov"]
[Result "1/2-1/2"]
[Termination "normal"]
[Board "14"]
[WhiteElo "1027"]
[BlackElo "1333"]
[PlyCount "130"]
[WhiteFideId "16230531"]
[BlackFideId "16211928"]
[EventCountry "GER"]
[EventRounds "11"]
[EventType "swiss"]
[EventDate "2016.05.14"]

1. e4 c5 2. Nf3 Nc6 3. d4 cxd4 4. Nxd4 g6 5. Nxc6 bxc6 6. Nc3 Bg7 7. Bd2 d5 8.
Bd3 Nf6 9. exd5 cxd5 10. O-O O-O 11. Qc1 a6 12. Bh6 Ng4 13. Bxg7 Kxg7 14. Qg5
Qd6 15. g3 Nf6 16. Rfd1 h6 17. Qc1 Qc6 18. Qe3 Bh3 19. Bf1 Bxf1 20. Kxf1 e6 21.
Qe5 Rfd8 22. Rd2 Qd6 23. Qd4 e5 24. Qa4 d4 25. Rad1 Qc7 26. Ne2 Qb7 27. c3 Ne4
28. Rd3 Qb6 29. cxd4 exd4 30. Rxd4 Rxd4 31. Qxd4+ Qxd4 32. Rxd4 Nf6 33. Ra4 Rb8
34. Rxa6 Rxb2 35. a4 Ra2 36. f3 Ra3 37. Kf2 Nd5 38. Nd4 Ra2+ 39. Kg1 Ne3 40.
Ra7 Kf6 41. a5 Ra4 42. Kf2 Ng4+ 43. fxg4 Rxd4 44. h3 Ra4 45. Ke3 Ra3+ 46. Kf2
Kg7 47. h4 Ra2+ 48. Kg1 Ra3 49. Kg2 Ra2+ 50. Kh3 Kf6 51. Ra6+ Kg7 52. h5 g5 53.
Ra8 Ra1 54. Ra6 Ra2 55. Ra7 Kf6 56. Ra8 Ra4 57. Rh8 Kg7 58. Ra8 Kf6 59. Ra7 Ra3
60. Ra6+ Kg7 61. Ra8 Kf6 62. a6 Ra5 63. Ra7 Kg7 64. Kg2 Kf6 65. Kf3 Ra3+
1/2-1/2

[Event "DEM U10 2016"]
[Site "Willingen GER"]
[Date "2016.05.19"]
[Round "8"]
[White "Sinnhöfer, Joshua"]
[Black "Amato, Cristiano"]
[Result "1/2-1/2"]
[Termination "normal"]
[Board "16"]
[WhiteElo "1308"]
[BlackElo "1187"]
[PlyCount "72"]
[WhiteFideId "16201361"]
[BlackFideId "12998460"]
[EventCountry "GER"]
[EventRounds "11"]
[EventType "swiss"]
[EventDate "2016.05.14"]

1. e4 e5 2. Nf3 Nc6 3. Bc4 Bc5 4. c3 Nf6 5. d4 exd4 6. e5 d5 7. Be2 Ne4 8. cxd4
Bb4+ 9. Bd2 Nxd2 10. Nbxd2 O-O 11. O-O Bf5 12. Nb3 Qd7 13. a3 Be7 14. Qd2 f6
15. Bb5 a6 16. Bxc6 Qxc6 17. Rac1 Qb5 18. Rxc7 Bxa3 19. bxa3 Qxb3 20. Qb4 Qxb4
21. axb4 b5 22. h3 Rac8 23. Rfc1 h6 24. Kf1 Rxc7 25. Rxc7 Rc8 26. Rxc8+ Bxc8
27. Ke1 Kf7 28. Kd2 Ke6 29. Ke3 g5 30. g4 Bd7 31. Nd2 fxe5 32. Nf3 exd4+ 33.
Kxd4 Kd6 34. Ne5 Bc8 35. Nd3 Be6 36. Nc5 Bc8 1/2-1/2

[Event "DEM U10 2016"]
[Site "Willingen GER"]
[Date "2016.05.19"]
[Round "8"]
[White "May, Ben-Iven"]
[Black "Bungarten, Jona"]
[Result "1-0"]
[Termination "normal"]
[Board "17"]
[WhiteElo "1330"]
[BlackElo "1466"]
[PlyCount "89"]
[WhiteFideId "16229673"]
[BlackFideId "16223608"]
[EventCountry "GER"]
[EventRounds "11"]
[EventType "swiss"]
[EventDate "2016.05.14"]

1. e4 e5 2. Nf3 Nc6 3. Bc4 Nf6 4. d3 Be7 5. O-O d6 6. h3 O-O 7. Nc3 h6 8. Be3
Be6 9. Bb3 d5 10. exd5 Nxd5 11. Qd2 Nxe3 12. fxe3 Qd7 13. Rae1 Rad8 14. Qf2 Bf6
15. Ne4 Be7 16. Nfd2 Bb4 17. Qg3 f5 18. Nc3 Bxb3 19. axb3 Bc5 20. Na4 Bd6 21.
e4 f4 22. Qf2 Qe7 23. Kh1 Nd4 24. Nf3 Nxc2 25. Qxc2 g5 26. Rd1 c5 27. Nc3 h5
28. Nd5 Qg7 29. Rg1 g4 30. Nh4 Qg5 31. Nf5 Rxf5 32. exf5 Qxf5 33. Rdf1 Bf8 34.
Qc4 Kh8 35. Qe4 Qe6 36. Nxf4 Qxb3 37. Qxe5+ Bg7 38. Qxh5+ Kg8 39. Ng6 Re8 40.
Qxg4 Qxb2 41. Re1 Rd8 42. Ne7+ Kh7 43. Qf5+ Kh8 44. Qh5+ Bh6 45. Qxh6# 1-0

[Event "DEM U10 2016"]
[Site "Willingen GER"]
[Date "2016.05.19"]
[Round "8"]
[White "Langer, Paul Georg"]
[Black "Hagenbeck-Hübert, Ben"]
[Result "1/2-1/2"]
[Termination "normal"]
[Board "18"]
[WhiteElo "1170"]
[BlackElo "1428"]
[PlyCount "86"]
[WhiteFideId "16230051"]
[BlackFideId "16230779"]
[EventCountry "GER"]
[EventRounds "11"]
[EventType "swiss"]
[EventDate "2016.05.14"]

1. e4 e5 2. Nf3 Nc6 3. Bc4 Nf6 4. d3 Bc5 5. c3 d5 6. exd5 Nxd5 7. O-O O-O 8.
Nbd2 Be6 9. Nb3 Bb6 10. Bb5 Bg4 11. Bxc6 bxc6 12. h3 Bxf3 13. Qxf3 Ne7 14. Rd1
Qd5 15. Qxd5 cxd5 16. d4 e4 17. g3 h6 18. Be3 f5 19. h4 Kh7 20. Kg2 c6 21. a4
Bc7 22. Bf4 Bxf4 23. gxf4 Rf6 24. Rg1 Ng6 25. Kg3 Raf8 26. Nc5 R8f7 27. b4 Nf8
28. Kh3 Ne6 29. Nxe6 Rxe6 30. Rae1 a6 31. a5 Rff6 32. Re3 Re8 33. Rg2 g6 34.
Rg1 Rf7 35. Rge1 Rg8 36. Rg1 Rgg7 37. Rg2 Kg8 38. Reg3 Kh7 39. Rg1 Rf6 40. R1g2
Re7 41. Re3 Kg8 42. Rg1 Rg7 43. Reg3 Kf7 1/2-1/2

[Event "DEM U10 2016"]
[Site "Willingen GER"]
[Date "2016.05.19"]
[Round "8"]
[White "Kodalle, Dominik"]
[Black "Rapp, Leonard"]
[Result "1-0"]
[Termination "normal"]
[Board "19"]
[WhiteElo "1399"]
[BlackElo "1504"]
[PlyCount "83"]
[WhiteFideId "16208722"]
[BlackFideId "16212428"]
[EventCountry "GER"]
[EventRounds "11"]
[EventType "swiss"]
[EventDate "2016.05.14"]

1. e4 e5 2. Nf3 Nc6 3. Bb5 Bc5 4. Nxe5 Nxe5 5. d4 Bxd4 6. Qxd4 Qe7 7. Bf4 f6 8.
Nc3 Nc6 9. Bxc6 dxc6 10. O-O Be6 11. Rad1 Qd7 12. Qxd7+ Bxd7 13. Bxc7 Ne7 14.
e5 fxe5 15. Bxe5 Rg8 16. Rfe1 O-O-O 17. Ne4 b6 18. Nd6+ Kc7 19. Nf7+ Kc8 20.
Nxd8 Kxd8 21. Rd2 Nd5 22. Red1 g6 23. c4 Re8 24. cxd5 Rxe5 25. dxc6 h6 26.
Rxd7+ Kc8 27. Rxa7 Rc5 28. c7 Rxc7 29. Rxc7+ Kxc7 30. Rd3 Kc6 31. Rh3 h5 32.
Rg3 Kb5 33. Rxg6 Kc5 34. Rg3 Kc6 35. Rd3 Kb7 36. f4 Kc6 37. f5 Kc5 38. f6 Kc6
39. f7 Kc5 40. f8=Q+ Kb5 41. Rd5+ Ka6 42. Qa8# 1-0

[Event "DEM U10 2016"]
[Site "Willingen GER"]
[Date "2016.05.19"]
[Round "8"]
[White "Frank, Marian"]
[Black "Werner, Denis"]
[Result "0-1"]
[Termination "normal"]
[Board "20"]
[WhiteElo "1101"]
[BlackElo "1397"]
[PlyCount "54"]
[WhiteFideId "16245059"]
[BlackFideId "16226429"]
[EventCountry "GER"]
[EventRounds "11"]
[EventType "swiss"]
[EventDate "2016.05.14"]

1. e4 c6 2. d4 d5 3. exd5 cxd5 4. Bd3 Nc6 5. c3 Nf6 6. Bf4 Bg4 7. Nf3 e6 8.
Nbd2 Be7 9. O-O O-O 10. Qc2 Rc8 11. a3 Nh5 12. Be5 Nf6 13. Bxf6 Bxf6 14. Bxh7+
Kh8 15. Bd3 Bxf3 16. Nxf3 Nxd4 17. Nxd4 Bxd4 18. Qa4 Bb6 19. Qd1 Qg5 20. Qf3
Qh6 21. Rae1 Bc7 22. h3 Bb8 23. Re3 Rcd8 24. Bb1 Bf4 25. Re2 e5 26. Rd1 e4 27.
Qg4 f5 0-1

[Event "DEM U10 2016"]
[Site "Willingen GER"]
[Date "2016.05.19"]
[Round "8"]
[White "Theile, Cedric"]
[Black "Walter, Alexander"]
[Result "1/2-1/2"]
[Termination "normal"]
[Board "21"]
[WhiteElo "1287"]
[BlackElo "1128"]
[PlyCount "53"]
[WhiteFideId "16283228"]
[BlackFideId "16227620"]
[EventCountry "GER"]
[EventRounds "11"]
[EventType "swiss"]
[EventDate "2016.05.14"]

1. Nf3 d5 2. c4 e6 3. b3 Nf6 4. d3 c5 5. g3 b6 6. Bg2 Bb7 7. O-O Nc6 8. Re1 Be7
9. a3 O-O 10. Bb2 Re8 11. e3 Rc8 12. Qc2 h6 13. Nbd2 Qc7 14. Rad1 Rcd8 15. d4
a6 16. Bf1 Nd7 17. Qc3 Bf6 18. Bg2 Nf8 19. b4 cxb4 20. axb4 Rc8 21. c5 b5 22.
Nb3 Ng6 23. Bh3 Rcd8 24. Bg2 e5 25. dxe5 Ngxe5 26. Nxe5 Nxe5 27. Qc2 1/2-1/2

[Event "DEM U10 2016"]
[Site "Willingen GER"]
[Date "2016.05.19"]
[Round "8"]
[White "Böhm, Karl"]
[Black "Feng, Felix"]
[Result "0-1"]
[Termination "normal"]
[Board "22"]
[WhiteElo "1260"]
[BlackElo "1100"]
[PlyCount "100"]
[WhiteFideId "16209800"]
[BlackFideId "16275179"]
[EventCountry "GER"]
[EventRounds "11"]
[EventType "swiss"]
[EventDate "2016.05.14"]

1. e4 c5 2. Nf3 Nc6 3. Bb5 g6 4. Bxc6 bxc6 5. O-O Bg7 6. d3 Nf6 7. Bf4 d6 8.
Nc3 O-O 9. Re1 Bd7 10. e5 dxe5 11. Bxe5 Nd5 12. Bxg7 Kxg7 13. Ne4 Qb6 14. c4
Nc7 15. b3 Rfe8 16. Ne5 Bf5 17. Ng3 Be6 18. a4 a5 19. Rb1 f6 20. Nf3 Bg4 21. h3
Bxf3 22. Qxf3 e5 23. Ne4 Rf8 24. Nd6 Rad8 25. Ne4 Ne6 26. Qg3 Rd7 27. f3 Qd8
28. Nf2 Nf4 29. Ne4 Qb6 30. Nf2 Nxd3 31. Red1 Rfd8 32. Qg4 Qa7 33. Rxd3 Rxd3
34. Nxd3 Rxd3 35. Qe6 Qd7 36. Qxd7+ Rxd7 37. Kf1 f5 38. Ke2 Kf6 39. Rd1 Rxd1
40. Kxd1 e4 41. f4 g5 42. g3 gxf4 43. gxf4 Kg6 44. Ke2 Kh5 45. Kf2 Kh4 46. Kg2
h5 47. Kh2 e3 48. Kg2 e2 49. Kf2 Kxh3 50. Kxe2 Kg2 0-1